Optimálne pravidlá monetárnej politiky: prípad vybraných krajín diplomová práca

Saved in:
Bibliographic Details
Main Author: Varga, Radovan
Corporate Author: Národohospodárska fakulta EU. Katedra bankovníctva a medzinárodných financií
Other Authors: Dujava, Daniel
Format: Book
Language:Slovak
Published: Bratislava 2014
Tags: Add Tag
No Tags, Be the first to tag this record!

MARC

LEADER 00000nlm a2200000 4500
001 0187543
005 20170306145723.3
041 0 |a slo 
044 |a SK 
245 1 0 |a Optimálne pravidlá monetárnej politiky: prípad vybraných krajín  |b diplomová práca  |c Radovan Varga ; školiteľ: Daniel Dujava 
264 1 |a Bratislava  |c 2014 
300 |a 69 s. 
100 1 |a Varga, Radovan 
700 1 |a Dujava, Daniel 
710 2 |a Národohospodárska fakulta EU. Katedra bankovníctva a medzinárodných financií